000 00454nam a2200181 4500
001 18907
005 20230410123451.0
008 060907n2004 dr spa
020 _a1560255668
035 _9funglode19057
041 _aEN
050 1 4 _aKF 8748 S399r 2004
100 _aSchwartz, Herman
245 1 _aRight wing justice /
_cHerman Schwartz
260 _aNew york :
_bNation Books,
_c2004
300 _a328 p.
942 _2lcc
_cbk
999 _c62021
_d62021